Statistics for Groups of Things - Star Wars #3

Click here to take the quiz!

General Stats

  • This quiz has been taken 71 times
  • The average score is 25 of 64

Answer Stats

HintAnswer% Correct
Planets / Moons in the Original TrilogyEndor
90%
Planets / Moons in the Original TrilogyTatooine
90%
Members of the Jedi High Council at the time of Order 66Yoda
90%
Planets / Moons in the Original TrilogyHoth
88%
Members of the Jedi High Council at the time of Order 66Mace Windu
88%
Members of the Jedi High Council at the time of Order 66Obi-Wan Kenobi
88%
Members of the Jedi High Council at the time of Order 66Ki-Adi Mundi
83%
Planets / Moons in the Original TrilogyAlderaan
80%
Planets / Moons in the Original TrilogyYavin IV
80%
Planets / Moons in the Original TrilogyDagobah
76%
Members of the Jedi High Council at the time of Order 66Kit Fisto
76%
Red Squadron Members during the Battle of YavinLuke Skywalker
76%
Planets / Moons in the Original TrilogyBespin
71%
Clone Force 99Echo
66%
Members of the Jedi High Council at the time of Order 66Shaak Ti
66%
Clone Force 99Tech
66%
Clone Force 99Wrecker
66%
Star Wars Squadrons Star FightersBTL A4 Y-Wing
63%
Planets / Moons in the Original TrilogyCoruscant
63%
Members of the Jedi High Council at the time of Order 66Plo Koon
63%
Star Wars Squadrons Star FightersT-65B X-Wing
61%
Clone Force 99Crosshair
59%
Clone Force 99Hunter
59%
Star Wars Squadrons Star FightersA/SF-01 B-Wing
56%
Star Wars Squadrons Star FightersRZ-1 A-Wing
56%
Members of the Jedi High Council at the time of Order 66Saesee Tiin
56%
Red Squadron Members during the Battle of YavinWedge Antilles
56%
Red Squadron Members during the Battle of YavinBiggs Darklighter
54%
Planets / Moons in the Original TrilogyNaboo
54%
Members of the Jedi High Council at the time of Order 66Anakin Skywalker
51%
Star Wars Squadrons Star FightersTIE/LN Fighter
46%
Members of the Jedi High Council at the time of Order 66Agen Kolar
44%
Star Wars Squadrons Star FightersUT-60D U-WING
44%
Red Squadron Members during the Battle of YavinJek Porkins
37%
Star Wars Squadrons Star FightersTIE/SA Bomber
32%
Named Super Star DestroyersExecutor
29%
Star Wars Squadrons Star FightersTIE/IN Interceptor
29%
Members of the Jedi High Council at the time of Order 66Stass Allie
20%
Red Squadron Members during the Battle of YavinGarven Dreis
17%
Members of the Jedi High Council at the time of Order 66Coleman Kcaj
15%
Members of the Jedi High Council at the time of Order 66Depa Billaba
15%
Star Wars Squadrons Star FightersTIE/D Defender
12%
Star Wars Squadrons Star FightersTIE/RP Reaper
10%
Krayt's Claw MembersAsajj Ventress
7%
Krayt's Claw MembersBoba Fett
7%
Krayt's Claw MembersBossk
7%
Named Super Star DestroyersEclipse
7%
Major trade routesHydian Way
7%
Named Super Star DestroyersRavager
7%
Named Super Star DestroyersAnnihilator
5%
Krayt's Claw MembersC-21 Highsinger
5%
Major trade routesCorellian Run
5%
Major trade routesCorellian Trade Spine
5%
Krayt's Claw MembersDengar
5%
Red Squadron Members during the Battle of YavinTheron Nett
5%
Named Super Star DestroyersArbitrator
2%
Krayt's Claw MembersEmbo
2%
Red Squadron Members during the Battle of YavinJohn Branon
2%
Krayt's Claw MembersLatts Razzi
2%
Red Squadron Members during the Battle of YavinNozzo Naytaan
2%
Krayt's Claw MembersOked
2%
Major trade routesPerlemian Trade Route
2%
Major trade routesRimma Trade Route
2%
Red Squadron Members during the Battle of YavinPuck Naeco
0%

Score Distribution

Percentile by Number Answered

Percent of People with Each Score

Your Score History

You have not taken this quiz